000 00465nam a2200181Ia 4500
005 20250603145819.0
008 250603s9999 xx 000 0 und d
020 _a9789788412212
050 _aPR 9387.9 .O34/
100 _aOkediran, Wale
245 0 _aTenants of the house: a fictional account of the Nigerian Parliament
260 _aIbadan
260 _bNelson Publishers Limited
260 _c2012
300 _a306 p
650 _aIbadan
942 _cBK
999 _c42936
_d42936